000 01185nam a22003377a 4500
003 CHAP
005 20220329142501.0
008 010607d2001 mx a r 00110 spa d
010 _a84108
011 _a85080
035 _a95610
040 _cCHAP
090 _aTesis
100 0 0 _aPascual Ramírez, Fermín.
_985851
245 1 0 _aEvaluación técnico-económica de proyectos de nivelación de tierras agrícolas
_c/por Fermín Pacual Ramírez
260 _aChapingo, Méx. :
_bEl autor,
_c2001.
300 _a89 h. :
_bilus. ; gráfs.
502 _aTesis (Ing. en Irrigación) -- UACH. Departamento de Irrigación.
590 _aALEPH
_b10
_c20130110
_lUCH01
_h1442
590 _aBATCH-UPD
_b10
_c20130110
_lUCH01
_h0743
590 _aBATCH-UPD
_b10
_c20130410
_lUCH01
_h0424
590 _aBATCH-UPD
_b10
_c20130914
_lUCH01
_h1901
590 _aCONVERSION
_b10
_c20130109
_lUCH01
_h1347
650 1 4 _aTierras
_xAprovechamiento.
_9113069
650 1 4 _aTierras
_xNivelación.
_9113119
901 _aBK
905 _aMayto Villalobos S.
942 _cFOLL
949 _aTesis
_bBC
_cTES
_d33724000823233
_eTS2
_fc.2
_h38195
_i95610
_sb
949 _aTesis
_bBC
_cTES
_d956101
_eTS1
_h38196
_i95610
_sb
999 _c84108
_d84108